| 000 | 00632nam a2200205 a 4500 | ||
|---|---|---|---|
| 005 | 20210223130608.0 | ||
| 008 | 080821s1982 mx r 000 0 spa d | ||
| 035 | _aUPN01000159389 | ||
| 049 | _aUNE | ||
| 080 | _a37.014. 22 (5)=20 LIT No.104. | ||
| 245 | 0 | 0 | _aLiteracy curriculum and materials development. |
| 260 |
_aParÃs : _bUNESCO ; _aNew York : _bUNICEF, _c1982. |
||
| 300 | _a31, 9 p. | ||
| 440 | 0 |
_aNotes, comments... ; _v104 |
|
| 690 | _aProgramas de alfabetizacion - Asia | ||
| 690 | _aAlfabetizacion de adultos - Asia | ||
| 710 | 2 |
_aUNICEF _924085 |
|
| 710 | 2 | _aPrograma de Alimentación Mundial | |
| 905 | _aUNESCO | ||
| 999 |
_c131503 _d131503 |
||